Fundamentals of Financial Mangement (Record no. 5256)

MARC details
005 - DATE AND TIME OF LATEST TRANSACTION
control field 20250626091245.0
020 ## - INTERNATIONAL STANDARD BOOK NUMBER
International Standard Book Number 978-0-3242-3296-8
082 ## - DEWEY DECIMAL CLASSIFICATION NUMBER
Classification number 658.15 BRI
100 ## - MAIN ENTRY--PERSONAL NAME
Author name BRIGHAM, E. F.
245 ## - TITLE STATEMENT
Title Fundamentals of Financial Mangement
250 ## - EDITION STATEMENT
Edition statement 5th Ed.
260 ## - PUBLICATION, DISTRIBUTION, ETC.
Place of publication, distribution, etc. New York,
Name of publisher, distributor, etc. Thomson,
Date of publication, distribution, etc. 2007.
300 ## - PHYSICAL DESCRIPTION
Extent xxxi,593p.; ill.; figure, table, picture
Other physical details Appendix & Index
Dimensions 27cm
700 ## - ADDED ENTRY--PERSONAL NAME
Other authors/Editors HOUSTON, J. F.
942 ## - ADDED ENTRY ELEMENTS (KOHA)
Source of classification or shelving scheme Dewey Decimal Classification
Koha item type Books
Holdings
Date last seen Total checkouts Full call number Barcode Cost, replacement price Price effective from Koha item type Lost status Source of classification or shelving scheme Damaged status Not for loan Withdrawn status Home library Current library Shelving location Date acquired Cost, normal purchase price
06/26/2025   658 BRI DOM000741 285000.00 06/26/2025 Books   Dewey Decimal Classification       CBE Dodoma CBE Dodoma General Collection 03/24/2014 95000.00
06/26/2025   658 BRI DOM000725 285000.00 06/26/2025 Books   Dewey Decimal Classification       CBE Dodoma CBE Dodoma General Collection 03/24/2014 95000.00
06/26/2025   658 BRI DOM000729 285000.00 06/26/2025 Books   Dewey Decimal Classification       CBE Dodoma CBE Dodoma General Collection 03/24/2014 95000.00
06/26/2025   658 BRI DOM000704 285000.00 06/26/2025 Books   Dewey Decimal Classification       CBE Dodoma CBE Dodoma General Collection 03/24/2014 95000.00
06/26/2025   658 BRI DOM000723 285000.00 06/26/2025 Books   Dewey Decimal Classification       CBE Dodoma CBE Dodoma General Collection 03/24/2014 95000.00
06/26/2025   658 BRI DOM0001869 285000.00 06/26/2025 Books   Dewey Decimal Classification       CBE Dodoma CBE Dodoma General Collection 03/24/2014 95000.00
06/26/2025   658 BRI DOM000765 285000.00 06/26/2025 Books   Dewey Decimal Classification       CBE Dodoma CBE Dodoma General Collection 03/24/2014 95000.00
06/26/2025   658 BRI DOM000724 285000.00 06/26/2025 Books   Dewey Decimal Classification       CBE Dodoma CBE Dodoma General Collection 03/24/2014 95000.00
06/26/2025   658 BRI DOM0001868 285000.00 06/26/2025 Books   Dewey Decimal Classification       CBE Dodoma CBE Dodoma General Collection 03/24/2014 95000.00
06/26/2025   658 BRI DOM000748 285000.00 06/26/2025 Books   Dewey Decimal Classification       CBE Dodoma CBE Dodoma General Collection 03/24/2014 95000.00
06/26/2025   658 BRI DOM000672 285000.00 06/26/2025 Books   Dewey Decimal Classification       CBE Dodoma CBE Dodoma General Collection 03/24/2014 95000.00